[Event "Manaus Region-ch sf"]
[Site "Manaus"]
[Date "2015.10.30"]
[Round "1"]
[White "Gutierrez, Enrique Alberto Sot"]
[Black "Brito, Luismar"]
[Result "0-1"]
[WhiteElo "1864"]
[BlackElo "2234"]
[PlyCount "94"]
[EventDate "2015.10.30"]
[EventType "swiss"]
[EventRounds "7"]
[EventCountry "BRA"]
[SourceTitle "CBM 169 Extra"]
[Source "ChessBase"]
[SourceDate "2015.12.18"]
[SourceVersion "1"]
[SourceVersionDate "2015.12.18"]
[SourceQuality "1"]

1. d4 Nf6 2. c4 e6 3. g3 c5 4. d5 exd5 5. cxd5 Bd6 6. Nf3 0-0 7. Bg2 Bc7 8. 0-0 d6 9. Nc3 Re8 10. Qc2 Nbd7 11. h3 a6 12. a4 Ba5 13. Rd1 Nf8 14. Ng5 Ng6 15. Nge4 Nxe4 16. Nxe4 Qe7 17. Bd2 Bxd2 18. Qxd2 Bxh3 19. Bxh3 Qxe4 20. Re1 b5 21. Bd7 Re7 22. Bc6 Rb8 23. axb5 axb5 24. Ra3 Ne5 25. Bxb5 Qb4 26. Qxb4 cxb4 27. Ra5 Nf3+ 28. Kf1 Nxe1 29. Kxe1 g6 30. Bc6 h5 31. e3 Kg7 32. Ke2 h4 33. gxh4 Rh8 34. Ra4 Rxh4 35. b3 f5 36. Ra8 f4 37. Rd8 fxe3 38. fxe3 Rhe4 39. Rxd6 Rxe3+ 40. Kd2 Rxb3 41. Ba4 Ra3 42. Bc2 Ra2 43. Kd1 Re5 44. Rxg6+ Kf7 45. Rc6 Rg5 46. d6 Ke8 47. Kc1 Rg1+ 0-1

[Event "Manaus Amazonas-ch"]
[Site "Manaus"]
[Date "2015.09.13"]
[Round "2"]
[White "Mousse Neto, Sebastiao Alberto"]
[Black "Gutierrez, Enrique Alberto Sot"]
[Result "1-0"]
[WhiteElo "2037"]
[BlackElo "1864"]
[PlyCount "77"]
[EventDate "2015.09.12"]
[EventType "swiss"]
[EventRounds "7"]
[EventCountry "BRA"]
[SourceTitle "EXT 2016"]
[Source "ChessBase"]
[SourceDate "2015.10.08"]
[SourceVersion "1"]
[SourceVersionDate "2015.10.08"]
[SourceQuality "1"]

1. e4 e5 2. Nf3 Nc6 3. Bb5 a6 4. Ba4 Nf6 5. 0-0 Be7 6. Qe2 b5 7. Bb3 0-0 8. c3 d6 9. h3 Re8 10. a4 Rb8 11. Ng5 Rf8 12. Rd1 h6 13. Nf3 Na5 14. Bc2 Be6 15. axb5 Nb3 16. Rxa6 c6 17. bxc6 Nxc1 18. Rxc1 Rxb2 19. d4 Bb3 20. Na3 d5 21. exd5 e4 22. Nd2 Bxc2 23. Nxc2 Nxd5 24. Qc4 e3 25. fxe3 Bg5 26. Qd3 Qc7 27. Ne4 Rxc2 28. Rxc2 Bxe3+ 29. Kh1 f5 30. Nd2 Qg3 31. Nf1 Qg5 32. Qc4 f4 33. Ra5 Rf5 34. c7 Kh7 35. c8Q f3 36. Qxf5+ Qxf5 37. Qxd5 fxg2+ 38. Qxg2 Qxa5 39. Nxe3 1-0